02296agaaa2200325 45000010005000000030009000050050017000140070009000310080040000400400023000800410013001031000044001161300012001602400019001722450182001912460012003732500022003852600126004073000033005335080227005665110093007935200753008865380016016395460013016556500059016687000058017277000056017857000058018417000071018994781IT-RoPAU20220918181223.0d cvaizq50131s9999||||xx ||| | || ||und|| aIT-RoPAUcIT-RoPAU aITALIANO aBunuel LuisgCodice regista SPICS: 8694 aNAZARIN aNAZARINgT1228 aNAZARINcProdotto da: Amerigo Federico -- Sceneggiatura: Alejandro Julio Bunuel Luis Carballido Emilio -- Diretto da: Bunuel LuispNAZARIN (Rif. Codice opera principale : H4781) aNAZARIN aEdizione Standard aMESSICO (MESSICO)bBARBACHANOPONCE / Distribuzione: MULTIMEDIA SAN PAOLOg"1959 (1° ed.: 2004 ; Ed. Lingua Orig.: 1959)" aDVDbsonoro, col.c90 minuti a"Fotografia: Figueroa Grabriel; Montaggio: Savage Carlos; Musica: Alffter Rodolfo; Sceneggiatura: Alejandro Julio Bunuel Luis Carballido Emilio; Scenografia: Fitzgerald Edward; Soggetto: Bunuel Luis -- Perez Galdos Benito" a"Rabal Francisco; Lopez Marga; Macedo Rita; Fernandez Jesus; Lopez; Tarso Ignacio; Cast" a"NAZARIN E' UN PRETE CHE VIVE LA SUA MISSIONE CON UMILTA' TRA I POVERI. A MODO SUO E' UN PROFETA, UN IDEALISTA CHE CERCA DI REALIZZARE IN TERRA L'IDEALE DI BONTA' E DI CARITA' DI CRISTO. SI UNISCONO A LUI, ATTRATTE DAL SUO CARISMA, DUE DONNE CHE LO SEGUONO NELLA PEREGRINAZIONE: ANDARA, UNA PROSTITUTA E BEATRIZ, UNA DONNA ""SCHIAVA D'AMORE"". MA ""IL MONDO"", CIOE' IL POTERE CIVILE COME QUELLO ECCLESIASTICO, NON CAPISCE NAZARIN, CHE VIENE CONDANNATO EFINISCE IN CARCERE. QUI NAZARIN SOPPORTA UMILIAZIONI, BOTTE E CALUNNIE; QUINDI VIENE LASCIATO SOLO.EXTRA: BIOGRAFIE E FILMOGRAFIA ESSENZIALE DEL REGISTA E DEGLI ATTORI PRINCIPALI; SCHEDA CRITICA DI FERNALDO DI GIAMMATTEO; TRAILER.SULLO STESSO DVD ANCHE IL LUNGOMETRAGGIO ""SIMON DEL DESERTO""." aPAL, STEREO aITALIANO aDRAMMATICOeDVD-FILM [DVD]xCodice MATERIA SPICS: 9947 aAlffter Rodolfoe(musica)gCodice Musica SPICS: 57812 aBunuel Luis e(regista)gCodice regista SPICS: 8694 aBunuel Luis e(soggetto)gCodice Soggetto SPICS: 8694 aPerez Galdos Benito e(soggetto)gCodice Soggetto 2° SPICS: 57811